| 000 | 00806nam a2200241 a 4500 | ||
|---|---|---|---|
| 001 | 69792 | ||
| 003 | BD-RjUL | ||
| 005 | 20211209081927.0 | ||
| 008 | 170413s1983 maua b 001 0 eng d | ||
| 020 | _a086720012X | ||
| 035 | _a(BD-RjUL)70004 | ||
| 040 |
_aDLC _cDLC _dBD-RjUL _beng |
||
| 041 | _aeng | ||
| 082 | 0 | 0 |
_a572.8 _223 _bFRM 1983 |
| 100 | 1 |
_aFreifelder, David _d1935- _9205150 |
|
| 245 | 1 | 0 |
_aMolecular biology : _ba comprehensive introduction to prokaryotes and eukaryotes / _cDavid Freifelder. |
| 260 |
_aBoston, Mass. : _bScience Books International ; _aNew York : _bVan Nostrand Reinhold, _cc1983. |
||
| 300 |
_axxviii, 979 p. : _bill. ; _c24 cm. |
||
| 504 | _aIncludes bibliographies and index. | ||
| 650 | 0 |
_aMolecular biology. _9206717 |
|
| 650 | 0 |
_aProkaryotes. _9206718 |
|
| 942 |
_2ddc _cBK |
||
| 999 |
_c69792 _d69792 |
||